| 000 | 00651nam a2200193Ia 4500 | ||
|---|---|---|---|
| 003 | GCL | ||
| 008 | 140319s9999 xx 000 0 ara d | ||
| 040 |
_aGCL / _cGCL |
||
| 082 | 0 | 4 |
_a363.3016 _bا ب |
| 100 | 1 | _aناصر الانصارى | |
| 245 | 1 | 0 |
_aببلوجرافيا دراسات الامن العام والشرطة والعلوم الجنائية من 1955 - 1988 / _cناصر الانصارى |
| 700 | 1 | _aابوالفتوح حامد عودة | |
| 260 |
_a[S.N] : _bالهيئة المصرية العامة للكتاب ، _c1990 |
||
| 300 | _a104 ص | ||
| 490 | _a | ||
| 650 | 0 | 4 | _aمصر |
| 650 | 0 | 4 | _aالشرطة |
| 942 |
_2ddc _cBK |
||
| 999 |
_c55298 _d55298 |
||